[Event "TCh-TUR 2011"]
[Site "Konya TUR"]
[Date "2011.06.29"]
[Round "2"]
[White "Komut,B"]
[Black "Zeytinoglu,N"]
[Result "0-1"]
[WhiteElo "1980"]
[BlackElo "1970"]

1.d4 Nf6 2.Nf3 g6 3.c4 Bg7 4.g3 O-O 5.Bg2 d6 6.O-O Nbd7 7.Nc3 e5 8.e4 exd4
9.Nxd4 Re8 10.h3 a6 11.Be3 Rb8 12.Re1 c5 13.Nde2 Ne5 14.b3 b5 15.f4 Ned7
16.Qxd6 b4 17.e5 bxc3 18.Nxc3 Nh5 19.g4 Bf8 20.Qd2 Ng7 21.Rad1 Ne6 22.Kh2 Qa5
23.Bd5 Bb7 24.Qc2 Bxd5 25.Nxd5 Nd4 26.Qf2 Bg7 27.Bxd4 cxd4 28.Kg2 g5 29.fxg5 Bxe5
30.Rf1 Kh8 31.Rd3 Bg7 32.Rf3 Ne5 33.Rf5 d3 34.Nf6 Bxf6 35.gxf6 Qb6 36.Qg3 Qd4
37.Qf4 Qxf4 38.R5xf4 Rbd8 39.Rd1 h6 40.Kg3 Kh7 41.c5 Kg6 42.Rd2 Re6 43.Rf5 Rd5
44.b4 Rxf6 45.Kf4 Rxf5+ 46.gxf5+ Kf6 47.Ke4 Rd8 48.a3 h5 49.h4 Nc4 50.Rxd3 Rxd3
51.Kxd3 Nxa3 52.Ke4 Nb5 53.c6 Na7 54.Kd5 Kxf5 55.Kc5 Ke6 56.Kb6 Nxc6  0-1

[Event "TCh-TUR 2011"]
[Site "Konya TUR"]
[Date "2011.06.30"]
[Round "3"]
[White "Gagunashvili,M"]
[Black "Mamedov,Nid"]
[Result "1/2-1/2"]
[WhiteElo "2603"]
[BlackElo "2587"]

1.d4 Nf6 2.c4 g6 3.Nf3 Bg7 4.g3 O-O 5.Bg2 d6 6.O-O Nc6 7.Nc3 Bg4 8.h3 Bxf3
9.Bxf3 Nd7 10.e3 e5 11.d5 Ne7 12.Bg2 f5 13.f4 a5 14.Qc2 Nc5 15.b3 Kh8 16.Bb2 Ng8
17.Kh2 Qe7 18.Rae1 Rae8 19.Re2 Ra8 20.Ree1 Rae8 21.Re2 exf4 22.exf4 Qf7 23.Rfe1 Rxe2
24.Rxe2 h5  1/2-1/2

[Event "II Royal Residence Cup"]
[Site "Zhovkva UKR"]
[Date "2011.06.30"]
[Round "5"]
[White "Itkis,B"]
[Black "Terletsky,O"]
[Result "1-0"]
[WhiteElo "2431"]
[BlackElo "2179"]

1.d4 Nf6 2.c4 g6 3.Nf3 Bg7 4.g3 O-O 5.Bg2 d6 6.Nc3 Nbd7 7.O-O e5 8.e4 c6
9.b3 exd4 10.Nxd4 Re8 11.h3 Nc5 12.Re1 a5 13.Rb1 Qc7 14.Bf4 Nh5 15.Be3 Bd7
16.Qc2 Rad8 17.Rbd1 Bc8 18.Re2 Qe7 19.a3 Qf6 20.Kh2 g5 21.b4 axb4 22.axb4 Ne6
23.Nxe6 Bxe6 24.Na4 Qg6 25.Bb6 Rd7 26.Red2 Be5 27.Bd4 Qf6 28.Bxe5 Qxe5 29.c5 f5
30.Qc3 Qxc3 31.Nxc3 fxe4 32.Nxe4 Bb3 33.Rxd6 Rf7 34.R1d2 Re5 35.Rh6 Rxe4
36.Rxh5 Rxb4 37.Rxg5+ Kf8 38.Rb2 Rb5 39.h4 Be6 40.Re2 Bf5 41.g4 Bd3 42.Rd2 Rb3
43.Re5 Re7 44.Rxe7 Kxe7 45.Rd1 Rc3 46.Re1+ Kd8 47.Re3 Rb3 48.Be4 Bc4 49.Rxb3 Bxb3
50.Bxh7 Kc7 51.h5 b5 52.cxb6+ Kxb6 53.h6  1-0

[Event "TCh-TUR 2011"]
[Site "Konya TUR"]
[Date "2011.07.01"]
[Round "4"]
[White "Komut,B"]
[Black "Kerigan,D"]
[Result "1/2-1/2"]
[WhiteElo "1980"]
[BlackElo "2134"]

1.d4 Nf6 2.Nf3 g6 3.c4 Bg7 4.g3 O-O 5.Bg2 d6 6.O-O Nbd7 7.Nc3 e5 8.e4 c6
9.h3 Qa5 10.Be3 exd4 11.Nxd4 Ne5 12.Qe2 Re8 13.f4 Ned7 14.a3 Qc7 15.Qc2 Nc5
16.Bf2 a5 17.Rae1 Ne6 18.Nf3 Nd7 19.h4 Nb6 20.Nb1 Nc5 21.Nbd2 a4 22.Bd4 Bxd4+
23.Nxd4 Nbd7 24.N2f3 Qb6 25.Kh1 Nf6 26.e5 dxe5 27.fxe5 Ng4 28.Bh3 Re7 29.e6 Nxe6
30.Nxe6 Rxe6 31.Bxg4 Rxe1 32.Rxe1 Bxg4 33.Ng5 Rd8 34.Qe4 Qf2 35.Rc1 Rd2 36.Qe8+ Kg7
37.Qe5+ Qf6 38.Qxf6+ Kxf6 39.Rf1+ Ke5  1/2-1/2

[Event "TCh-TUR 2011"]
[Site "Konya TUR"]
[Date "2011.07.02"]
[Round "5"]
[White "Tulay,B"]
[Black "Apaydin,F"]
[Result "1-0"]
[WhiteElo "2132"]
[BlackElo "2198"]

1.d4 Nf6 2.Nf3 g6 3.c4 Bg7 4.g3 O-O 5.Bg2 d6 6.Nc3 Nbd7 7.O-O e5 8.e4 c6
9.h3 Re8 10.d5 cxd5 11.cxd5 b5 12.Re1 a6 13.Bf1 Nb6 14.Nd2 Nfd7 15.b4 f5
16.a4 bxa4 17.Nxa4 Bb7 18.Nxb6 Nxb6 19.Ra5 Bh6 20.Nf3 Bxc1 21.Qxc1 fxe4 22.Rxe4 Qc8
23.Qh6 Re7 24.h4 Qf5 25.Qe3 Nd7 26.Ng5 Nf6 27.Bh3 Nxd5 28.Rxd5 Bxd5 29.Bxf5 gxf5
30.Rd4 Bb7 31.Rxd6 Rc8 32.Kh2 Rf8 33.Ne6 f4 34.Qxe5  1-0

[Event "TCh-TUR 2011"]
[Site "Konya TUR"]
[Date "2011.07.02"]
[Round "5"]
[White "Genc,C"]
[Black "Can,E"]
[Result "1/2-1/2"]
[WhiteElo "2213"]
[BlackElo "2487"]

1.d4 Nf6 2.Nf3 g6 3.c4 Bg7 4.g3 O-O 5.Bg2 d6 6.O-O Nc6 7.Nc3 Bf5 8.d5 Na5
9.Nd4 Bd7 10.Qd3 c5 11.dxc6 bxc6 12.Nc2 Qc8 13.b4 Nb7 14.Bd2 Rd8 15.e4 d5
16.cxd5 cxd5 17.e5 Bf5 18.Qe2 Ne4 19.Nxe4 Qxc2 20.Rfc1 Qb2 21.Nc3 Rac8 22.Bf4 Qxe2
23.Nxe2 g5 24.Bxg5 Bxe5 25.Rxc8 Rxc8 26.Rc1 Rxc1+ 27.Bxc1 e6 28.Be3  1/2-1/2

[Event "TCh-TUR 2011"]
[Site "Konya TUR"]
[Date "2011.07.02"]
[Round "6"]
[White "Gagunashvili,M"]
[Black "Solak,D"]
[Result "1/2-1/2"]
[WhiteElo "2603"]
[BlackElo "2588"]

1.d4 Nf6 2.c4 g6 3.Nf3 Bg7 4.g3 O-O 5.Bg2 d6 6.O-O Nbd7 7.Qc2 e5 8.Rd1 Re8
9.e4 exd4 10.Nxd4 a6 11.Nc3 Rb8 12.a4 Qe7 13.f3 Ne5 14.b3 Nc6 15.Be3 Nb4
16.Qd2 d5  1/2-1/2

[Event "TCh-TUR 2011"]
[Site "Konya TUR"]
[Date "2011.07.02"]
[Round "6"]
[White "Kazimova,N"]
[Black "Fierro Baquero,M"]
[Result "1/2-1/2"]
[WhiteElo "2262"]
[BlackElo "2388"]

1.Nf3 g6 2.d4 Bg7 3.c4 d6 4.g3 Nf6 5.Bg2 O-O 6.O-O c6 7.Nc3 Qa5 8.e4 e5 9.d5 cxd5
10.cxd5 b5 11.Nd2 b4 12.Ne2 Ba6 13.Nb3 Qa4 14.Re1 Rc8 15.Be3 Ng4 16.Bd2 Nd7
17.Nec1 f5 18.a3 Qb5 19.h3 Ngf6 20.axb4 Bb7 21.Ra5 Qc4 22.f3 Nh5 23.Kh2 Bf6
24.Bf1 Qc7 25.Bd3 f4 26.g4 Ng3 27.Ra3 Bh4 28.Rg1 h5 29.Na5 Rf8 30.Rc3 Qb8
31.Qc2 Nf6 32.Nxb7 Qxb7 33.Rc7 Qb6 34.Be1 Qe3 35.Qf2 Qxf2+ 36.Bxf2 hxg4 37.hxg4 Rf7
38.Rxf7 Kxf7 39.Kg2 Rb8 40.Na2 Rb7 41.Rc1 Ne8 42.Ba6 Rc7 43.Nc3 Bd8 44.Ra1 Re7
45.Bc8 Bb6 46.Bxb6 axb6 47.Ra6 Rc7 48.Be6+ Ke7 49.Rxb6 Ra7 50.g5 Nc7 51.Bg4 Ra1
52.Rb7 Kd8 53.b5 Rc1 54.Rb8+ Ke7 55.b6 Rc2+ 56.Kg1 Na6 57.Rb7+ Kf8 58.Ra7 Rc1+
59.Kg2 Rc2+ 60.Kg1 Rc1+ 61.Kg2 Rc2+ 62.Kh3 Nf1 63.Kh4 Rh2+ 64.Bh3 Ne3 65.Rxa6 Ng2+
66.Kg4 Ne3+ 67.Kh4  1/2-1/2

[Event "Lev Polugaevsky Mem"]
[Site "Samara RUS"]
[Date "2011.07.05"]
[Round "1"]
[White "Yaksin,O"]
[Black "Mukhametgaleeva,R"]
[Result "1-0"]
[WhiteElo "2414"]
[BlackElo "1998"]

1.d4 Nf6 2.Nf3 g6 3.c4 Bg7 4.g3 d6 5.Bg2 O-O 6.O-O Nc6 7.Nc3 a6 8.Re1 Na5
9.Qd3 c5 10.e4 Nd7 11.Be3 Rb8 12.d5 b5 13.b3 bxc4 14.bxc4 Rb4 15.Rec1 Nxc4
16.a3 Nde5 17.Nxe5 Nxe5 18.Qe2 Rb3 19.Bd2 Rb2 20.Na4 Bg4 21.Qe3 Rb7 22.Bc3 Bd7
23.Nb2 Rxb2 24.Bxb2 Nf3+ 25.Bxf3 Bxb2 26.Rab1 Bxc1 27.Qxc1 Qc7 28.Be2 a5
29.Qb2 Ra8 30.Bc4 e5 31.Qb6 Qxb6 32.Rxb6 Ba4 33.Rxd6 Kf8 34.Rb6 Bc2 35.f3 Rc8
36.Kf2 f5 37.Ke3 g5 38.exf5  1-0

[Event "XIII Open"]
[Site "Torredembarra ESP"]
[Date "2011.07.05"]
[Round "4"]
[White "Colovic,A"]
[Black "Oratovsky,M"]
[Result "1/2-1/2"]
[WhiteElo "2450"]
[BlackElo "2521"]

1.d4 Nf6 2.c4 d6 3.Nf3 g6 4.g3 Bg7 5.Bg2 O-O 6.Nc3 Nbd7 7.O-O e5 8.e4 c6
9.h3 Qa5 10.Qc2 exd4 11.Nxd4 Qc5 12.Nce2 Re8 13.Be3 Qe5 14.Nc3 Nc5 15.Rfe1 Qe7  1/2-1/2

[Event "ch-BEL Open"]
[Site "Antwerp BEL"]
[Date "2011.07.06"]
[Round "5.4"]
[White "De Schampheleire,G"]
[Black "Gooris,J"]
[Result "1/2-1/2"]
[WhiteElo "2263"]
[BlackElo "2136"]

1.d4 Nf6 2.c4 g6 3.Nf3 Bg7 4.g3 O-O 5.Bg2 d6 6.Nc3 Nc6 7.O-O a6 8.Qd3 Rb8
9.d5 Nb4 10.Qd1 a5 11.Be3 e5 12.dxe6 Bxe6 13.b3 Qd7 14.Qd2 Bh3 15.Bh6 Rfe8
16.Bxg7 Kxg7 17.a3 Bxg2 18.Kxg2 Nc6 19.Nd5 Ne4 20.Qf4 f5 21.Rad1 Qf7 22.Qc1 Kg8
23.Qb2 Re6 24.h4 h6 25.Nf4 Ree8 26.Nd5 Re6 27.e3 b6 28.Nd4 Nxd4 29.Qxd4 Nf6
30.Rd2 Nxd5 31.cxd5 Re7 32.Rc1 Rd8 33.b4 axb4 34.axb4 Qg7  1/2-1/2

[Event "e2e4 ch-IRL"]
[Site "Dublin IRL"]
[Date "2011.07.06"]
[Round "5"]
[White "Reynolds,P"]
[Black "McCabe,D"]
[Result "0-1"]
[WhiteElo "2043"]
[BlackElo "2024"]

1.d4 Nf6 2.Nf3 g6 3.c4 Bg7 4.g3 O-O 5.Bg2 d6 6.O-O Nbd7 7.Nc3 e5 8.e4 exd4
9.Nxd4 Re8 10.f3 a6 11.Bg5 Rb8 12.Qd2 c5 13.Nde2 Ne5 14.b3 b5 15.cxb5 axb5
16.Rfd1 b4 17.Nd5 Bb7 18.Nef4 Nxe4 19.Bxd8 Nxd2 20.Nf6+ Bxf6 21.Bxf6 Ndxf3+
22.Bxf3 Nxf3+ 23.Kg2 g5 24.Nd5 Re6 25.Kxf3 Rxf6+ 26.Kg4 Bxd5 27.Rxd5 h6 28.Rad1 Rb6
29.R1d2 Ra6 30.h4 gxh4 31.Kxh4 Rg6 32.Rf5 Kf8 33.Re2 Ra7 34.g4 Rd7 35.Rd5 Re6
36.Red2 Ke7 37.Kg3 Re5 38.R5d3 d5 39.Kf4 Kf6 40.Rh2 Re4+ 41.Kf3 Re5 42.Rxh6+ Ke7
43.Rc6 d4 44.Kf4 f6 45.Rh3 Rd6 46.Rc7+ Ke6 47.Rd3 Kd5 48.Rd2 Re4+ 49.Kf3 Re3+
50.Kf4 Rc3 51.Rh2 d3 52.Rd2 Kd4 53.Re7 Rc2 54.Re4+ Kc3 55.Ke3 Rd4 56.g5 fxg5
57.Re5 c4 58.bxc4 Rxd2 59.Rxg5 Re2+ 60.Kf3 d2  0-1

[Event "9th Niki Open"]
[Site "Nachod CZE"]
[Date "2011.07.06"]
[Round "5.2"]
[White "Jirka,J"]
[Black "Bernasek,J"]
[Result "1-0"]
[WhiteElo "2418"]
[BlackElo "2469"]

1.d4 Nf6 2.c4 g6 3.g3 Bg7 4.Bg2 d6 5.Nf3 O-O 6.Nc3 Nc6 7.d5 Na5 8.b3 c5 9.Bb2 a6
10.O-O Rb8 11.Nd2 b5 12.Qc2 bxc4 13.bxc4 Bh6 14.Ncb1 Bd7 15.Bc3 Qc7 16.Qd3 Bg7
17.Na3 e6 18.Rab1 exd5 19.cxd5 Bb5 20.Nxb5 axb5 21.Rxb5 c4 22.Qb1 Nb7 23.Qc1 Nh5
24.Bf3 Na5 25.Rxb8 Rxb8 26.Bxh5 Bxc3 27.Qxc3 gxh5 28.Ne4 f5 29.Nf6+ Kf7 30.Nxh5  1-0

[Event "86th ch-Paris IdF"]
[Site "Paris FRA"]
[Date "2011.07.06"]
[Round "5.7"]
[White "Debray,C"]
[Black "Kalegin,E"]
[Result "1-0"]
[WhiteElo "2364"]
[BlackElo "2477"]

1.d4 Nf6 2.c4 d6 3.Nf3 g6 4.g3 Bg7 5.Bg2 O-O 6.O-O Nbd7 7.Nc3 e5 8.e4 c6
9.h3 exd4 10.Nxd4 Qb6 11.Re1 Ng4 12.Nce2 Nge5 13.b3 Nc5 14.Be3 Re8 15.Qc2 a5
16.a3 Qc7 17.f4 Ned7 18.Bf2 b6 19.Nc3 Bb7 20.Rad1 Re7 21.b4 axb4 22.axb4 Ne6
23.Nxe6 Rxe6 24.h4 Rae8 25.h5 gxh5 26.Bh3 R6e7 27.Qd3 Bc8 28.Bd4 Nf6 29.Bxc8 Qxc8
30.f5 Rd7 31.b5 c5 32.Bxf6 Bxf6 33.Nd5 Bd4+ 34.Kg2 Qd8 35.Rh1 Qg5 36.Qf3 f6
37.Rxh5 Qg7 38.Rh4 Kh8 39.Nxb6 Ra7 40.Nd5 Ra2+ 41.Kh3 Be5 42.Nf4 Qf7 43.Ng6+ Kg8
44.Nxe5 dxe5 45.Qg4+ Kh8 46.Qg6 Qe7 47.Rd6 Rf8 48.Re6 Qa7 49.Re8  1-0

[Event "Asian Zonal 3.1 Men"]
[Site "Sharjah UAE"]
[Date "2011.07.06"]
[Round "2"]
[White "Alavi,S"]
[Black "Al Sayed,Mohamad"]
[Result "0-1"]
[WhiteElo "2436"]
[BlackElo "2498"]

1.d4 Nf6 2.c4 g6 3.Nf3 Bg7 4.g3 O-O 5.Bg2 d6 6.O-O Nbd7 7.Nc3 e5 8.e4 a6
9.h3 Rb8 10.Be3 Re8 11.Rc1 exd4 12.Nxd4 Ne5 13.b3 c5 14.Nde2 b5 15.f4 Ned7
16.Qxd6 b4 17.e5 bxc3 18.Nxc3 Nh5 19.g4 Bf8 20.Qd2 Ng7 21.Rcd1 Ne6 22.Bd5 Nd4
23.Ne4 Qb6 24.Ng5 Re7 25.Nxf7 Rxf7 26.Bxd4 cxd4 27.e6 Nf6 28.exf7+ Kg7 29.Bf3 Kxf7
30.Kg2 Bc5 31.f5 gxf5 32.g5 Ng8 33.Bd5+ Kg7 34.Qf4 Ne7 35.Qe5+ Kg6 36.Bf3 Qd6
37.Qxd6+ Bxd6 38.Rxd4 Be5 39.Rd8 Kxg5 40.Re1 Ng6 41.Rg8 Kf6 42.Kf2 Be6 43.Rxb8 Bxb8
44.Rd1 Ba7+ 45.Kf1 Nh4 46.Be2 f4 47.Bg4 Nf5 48.Ke2 Ne3 49.Rd6 Nxg4 50.Rxa6 f3+
51.Kxf3 Ne5+ 52.Ke4 Bf2 53.a4 h5 54.a5 h4 55.Rd6 Bc5 56.Ra6 Bb4 57.Kf4 Nd3+
58.Kf3 Nc1 59.Ra8 Nxb3 60.a6 Nd2+ 61.Ke2 Bxc4+ 62.Ke3 Nb3 63.a7 Bc5+ 64.Kf4 Bf7
65.Kg4 Bf2 66.Rd8 Be6+ 67.Kh5 Bxa7 68.Kxh4 Bf2+ 69.Kh5 Nd4 70.h4 Be3 71.Rf8+ Kg7
72.Rf1 Bc4  0-1

[Event "TCh-TUR 2011"]
[Site "Konya TUR"]
[Date "2011.07.07"]
[Round "11"]
[White "Komut,B"]
[Black "Vovk,A"]
[Result "0-1"]
[WhiteElo "1980"]
[BlackElo "2545"]

1.d4 Nf6 2.Nf3 g6 3.c4 Bg7 4.g3 O-O 5.Bg2 d6 6.Nc3 Nc6 7.O-O a6 8.Re1 Rb8
9.Rb1 Bf5 10.e4 Bg4 11.Be3 Qc8 12.Qd3 Re8 13.b4 b5 14.cxb5 axb5 15.Nd2 Bd7
16.Rec1 Ng4 17.h3 Nxe3 18.fxe3 Bxh3 19.Nxb5 Bd7 20.a4 Qa6 21.Qb3 Rec8 22.Bf1 Qb7
23.Bc4 Nd8 24.Nc3 c6 25.Kf2 Bg4 26.b5 cxb5 27.axb5 e6 28.Kg2 Qe7 29.Ne2 d5
30.Bd3 e5 31.dxe5 dxe4 32.Nxe4 Qxe5 33.Nd4 Kh8 34.Rxc8 Bxc8 35.Nf3 Qe7 36.Kf2 Ra8
37.b6 Bb7 38.Qc4 Ne6 39.Ned2 Nc5 40.Be2 Re8 41.Qf4 h6 42.Nf1 Ne4+ 43.Kg1 Nc3
44.Re1 Nd5 45.Qa4 Nxb6 46.Qb3 Nc8 47.Rd1 Bc6 48.Qc4 Qb7 49.Kf2 Ne7 50.Nd4 Bd5
51.Qb5 Qxb5 52.Bxb5 Rb8 53.Be2 Rb2 54.Nf3 Bf6 55.Rd2 Rb4 56.Rc2 Nf5 57.N1d2 Nd6
58.Rc5 Be6 59.Rc6 Nf5 60.Rc2 Kg7 61.Bd3 Be7 62.Ne4 Bd8 63.Nc5 Bc8 64.e4 Ne7
65.Nd2 Bb6 66.Kf3 h5 67.Ncb3 Bg4+ 68.Kg2 Be3 69.Rc7 Kf8 70.Rc3 Be6 71.Nc5 Bxd2  0-1

[Event "TCh-TUR 2011"]
[Site "Konya TUR"]
[Date "2011.07.07"]
[Round "11"]
[White "Dogan,A"]
[Black "Can,E"]
[Result "1/2-1/2"]
[WhiteElo "2130"]
[BlackElo "2487"]

1.d4 Nf6 2.c4 g6 3.g3 Bg7 4.Bg2 O-O 5.Nf3 d6 6.O-O Nc6 7.d5 Na5 8.Qa4 b6
9.Nbd2 Bd7 10.Qc2 c6 11.b4 Nxd5 12.bxa5 Bxa1 13.cxd5 cxd5 14.Qd3 bxa5 15.Qxd5 Rc8
16.Nb3 Bg7 17.Be3 a4 18.Nbd2 Be6 19.Qb5 Qd7 20.Qb1 Rb8 21.Qd3 Bxa2 22.Bd4 f6
23.Ra1 Bf7 24.Qa6 e5 25.Bxa7 Ra8 26.Rxa4 d5 27.Ra5 Rfc8 28.Qb6 e4 29.Nd4 Rc1+
30.Bf1 f5 31.e3 Rd1 32.Bb8 Rxa5 33.Qxa5 Bf6 34.N2b3 Qc8 35.Bd6 g5 36.Qc7 Qxc7
37.Bxc7 Be8 38.Kg2 Rb1 39.Ba6 Bxd4 40.Nxd4 Bd7 41.h4 g4 42.Be5 Kf7 43.Bf1 Ke7
44.Bc7 Kf7 45.Be5 Ke7 46.Nc2 Ba4 47.Nd4  1/2-1/2

[Event "TCh-TUR 2011"]
[Site "Konya TUR"]
[Date "2011.07.08"]
[Round "12"]
[White "Gulden,Egemen"]
[Black "Coban,Met"]
[Result "0-1"]
[WhiteElo "1690"]
[BlackElo "1922"]

1.d4 Nf6 2.g3 g6 3.Bg2 Bg7 4.c4 O-O 5.Nf3 d6 6.O-O c6 7.Nc3 a6 8.Bd2 b5 9.cxb5 axb5
10.Qc2 Bb7 11.Rfc1 Nbd7 12.Ne1 Qb6 13.e3 c5 14.dxc5 dxc5 15.Nd3 Rfc8 16.a4 Bxg2
17.Kxg2 b4 18.Nb5 e5 19.b3 Qc6+ 20.Kg1 Qd5 21.Nb2 e4 22.Nc4 Ng4 23.Rab1 Qh5
24.Be1 Qxh2+ 25.Kf1 Qh1+ 26.Ke2 Qf3+ 27.Kf1 Qh1+ 28.Ke2 Nde5 29.Nxe5 Bxe5
30.Bxb4 Qf3+ 31.Ke1 Nxe3 32.Qe2 cxb4 33.Qxe3 Qxe3+ 34.fxe3 Bxg3+ 35.Ke2 Be5
36.Rxc8+ Rxc8 37.Kd2 Kf8 38.Rc1 Rxc1 39.Kxc1 Ke7 40.Kd2 h5 41.Ke2 h4 42.Kf2 g5
43.Kg2 g4 44.a5 Kd7 45.a6 Kc6 46.Kf2 h3 47.Kf1 g3 48.Kg1 f5 49.Nd4+ Bxd4
50.exd4 e3 51.d5+ Kd6  0-1

[Event "e2e4 ch-IRL"]
[Site "Dublin IRL"]
[Date "2011.07.09"]
[Round "8"]
[White "Reynolds,P"]
[Black "O'Rourke,R"]
[Result "1-0"]
[WhiteElo "2043"]
[BlackElo "2038"]

1.d4 Nf6 2.Nf3 g6 3.g3 Bg7 4.Bg2 O-O 5.c4 d6 6.O-O Nbd7 7.Nc3 e5 8.b4 Nh5
9.e4 exd4 10.Nxd4 Nb6 11.Qd3 c5 12.Nc2 Be6 13.Nd5 Bxd5 14.cxd5 Bxa1 15.Nxa1 cxb4
16.Bb2 Na4 17.Bd4 Qc7 18.Qe3 Nc3 19.e5 Qc4 20.Bf3 Nxd5 21.Qd2 dxe5 22.Bxe5 Ndf6
23.Qg5 Qe6 24.Re1 Rfe8 25.Nc2 Rad8 26.g4 Rd3 27.gxh5 Rxf3 28.Bxf6 Qc8 29.hxg6 hxg6
30.Rxe8+ Qxe8 31.Ne3 Rh3 32.Bb2 f5 33.Qf6 Qf7 34.Qd8+ Qf8 35.Qd4 Rxe3 36.fxe3 Qh6
37.Qc4+ Kf8 38.Qxb4+ Ke8 39.Qb5+ Kf7 40.Qxb7+ Ke8 41.Qb8+ Ke7 42.Qxa7+ Ke6
43.Qb6+ Kd5 44.Qd8+  1-0

[Event "TCh-TUR 2011"]
[Site "Konya TUR"]
[Date "2011.07.09"]
[Round "13"]
[White "Nyzhnyk,I"]
[Black "Vovk,A"]
[Result "0-1"]
[WhiteElo "2583"]
[BlackElo "2545"]

1.d4 Nf6 2.c4 g6 3.Nf3 Bg7 4.g3 O-O 5.Bg2 d6 6.O-O Nc6 7.Nc3 a6 8.b3 Rb8
9.Bb2 b5 10.cxb5 axb5 11.Rc1 Na5 12.Ne1 Bb7 13.e4 b4 14.Nd5 Nxe4 15.Bxe4 e6
16.Bxg6 hxg6 17.Nxb4 c5 18.Nbd3 cxd4 19.f4 e5 20.fxe5 dxe5 21.Rc5 Nc6 22.Qg4 Re8
23.Nf3 Bc8 24.Qe4 Bf5 25.Qxc6 Bxd3 26.Re1 Re6 27.Qc7 Qxc7 28.Rxc7 Bf6 29.h4 Rd8
30.Bc1 Rde8 31.Ng5 R6e7 32.Rc6 Bg7 33.Ba3 Ra7 34.Bc5 Rxa2 35.Bxd4 Bb5  0-1

[Event "Myrhorod Open A"]
[Site "Myrhorod UKR"]
[Date "2011.07.09"]
[Round "2.3"]
[White "Sergienko,Vladislav"]
[Black "Budnikov,O"]
[Result "1/2-1/2"]
[WhiteElo "2199"]
[BlackElo "2428"]

1.d4 g6 2.Nf3 Bg7 3.c4 d6 4.g3 Nf6 5.Bg2 O-O 6.O-O Nbd7 7.Nc3 e5 8.e4 c6
9.h3 Qa5 10.Be3 exd4 11.Nxd4 Nb6 12.Qd3 Nfd7 13.b3 Qh5 14.Rad1 Re8 15.g4 Qh4
16.f4 Qe7 17.Rfe1 Nf6 18.Bf2 Qc7 19.Nf3 Nfd7 20.Bd4 Bh6 21.Qd2 Ne5  1/2-1/2

[Event "Myrhorod Open A"]
[Site "Myrhorod UKR"]
[Date "2011.07.09"]
[Round "2.7"]
[White "Tsirulnik,Mari"]
[Black "Alexikov,A"]
[Result "0-1"]
[WhiteElo "2145"]
[BlackElo "2353"]

1.d4 Nf6 2.Nf3 g6 3.c4 Bg7 4.g3 d6 5.Bg2 O-O 6.O-O Nbd7 7.Qc2 e5 8.Rd1 Qe7
9.e4 Re8 10.Nc3 c6 11.h3 h6 12.d5 Nb6 13.b3 cxd5 14.cxd5 Qc7 15.Qb2 Bd7 16.Be3 Rec8
17.Rac1 Qd8 18.Ne1 Rc7 19.a4 Nc8 20.Nd3 Ne8 21.Qd2 Kh7 22.Nb2 f5 23.f3 Qf6
24.Nc4 a6 25.a5 Qf8 26.Ne2 fxe4 27.fxe4 Qe7 28.Na3 Na7 29.Nc3 Nf6 30.Bb6 Rcc8
31.Qe3 Nb5 32.Ncxb5 axb5 33.b4 h5 34.Qd3 Bh6 35.Be3 Bxe3+ 36.Qxe3 Qd8 37.Bf1 Rxc1
38.Rxc1 Rc8 39.Re1 Qc7 40.Nxb5 Bxb5 41.Bxb5 Qc3 42.Qxc3 Rxc3 43.Bf1 Rxg3+
44.Kf2 Ra3 45.Re3 Ra4 46.Rb3 Nxe4+ 47.Ke3 Nf6 48.Bg2 g5 49.Kd3 Kg6 50.Kc4 Ra2
51.Bf1 e4 52.Kb5 Rf2 53.Bc4 Rc2 54.Kb6 Rxc4 55.Kxb7 Nxd5 56.b5 e3 57.a6 e2
58.Rb1 Rb4 59.Re1 Rxb5+ 60.Kc6 Ra5 61.Rxe2  0-1

[Event "Myrhorod Open A"]
[Site "Myrhorod UKR"]
[Date "2011.07.10"]
[Round "3.13"]
[White "Petrova,I"]
[Black "Nikolaev,L"]
[Result "1/2-1/2"]
[WhiteElo "2125"]
[BlackElo "2342"]

1.d4 Nf6 2.c4 g6 3.g3 Bg7 4.Bg2 d6 5.Nf3 O-O 6.Nc3 Nc6 7.O-O Bg4 8.h3 Bxf3
9.Bxf3 Nd7 10.e3 e5 11.dxe5 Ncxe5 12.Bxb7 Rb8 13.Bd5 Nb6 14.Qe2 Qc8 15.Kh2 Qa6
16.Rb1 Nxd5 17.cxd5 Qxe2 18.Nxe2 Nd3 19.b3 Nb4 20.Bb2 Bxb2  1/2-1/2

[Event "Myrhorod Open A"]
[Site "Myrhorod UKR"]
[Date "2011.07.11"]
[Round "4.6"]
[White "Nesteretz,A"]
[Black "Kutsyj,A"]
[Result "0-1"]
[WhiteElo "2430"]
[BlackElo "2339"]

1.d4 Nf6 2.c4 g6 3.Nf3 Bg7 4.g3 O-O 5.Bg2 d6 6.O-O Nbd7 7.Nc3 e5 8.e4 exd4
9.Nxd4 Nc5 10.h3 Re8 11.Re1 a5 12.Ndb5 Bd7 13.Bf4 Bc6 14.Qc2 h6 15.Rad1 Ne6
16.Be3 Nd7 17.b3 Qc8 18.Nd5 b6 19.h4 Qb7 20.a3 Rac8 21.b4 axb4 22.axb4 Ne5
23.Bc1 Ra8 24.h5 gxh5 25.Ne3 Ng5 26.Nd5 Nef3+ 27.Kh1 Nxe1 28.Rxe1 Bxb5 29.cxb5 Ra1
30.Bd2 Rxe1+ 31.Bxe1 Qa7 32.Bc3 Qa3 33.Bxg7 Kxg7 34.Nxc7 Qa1+ 35.Kh2 Re7
36.Qc6 Qd4 37.Ne8+ Rxe8 38.Qxe8 Qxf2 39.Qc6 h4 40.Qc3+ Qf6 41.Qxf6+ Kxf6
42.gxh4 Nh7 43.Kg3 Ke5 44.Kf3 Nf6 45.Ke3 d5 46.exd5 Nxd5+ 47.Kf3 f5  0-1

[Event "Oberwart Open"]
[Site "Oberwart AUT"]
[Date "2011.07.12"]
[Round "4"]
[White "Diermair,A"]
[Black "Natter,M"]
[Result "1-0"]
[WhiteElo "2432"]
[BlackElo "2076"]

1.d4 Nf6 2.c4 g6 3.Nf3 Bg7 4.g3 O-O 5.Bg2 d6 6.Nc3 Nc6 7.O-O a6 8.d5 Na5
9.b3 c5 10.dxc6 bxc6 11.Bd2 Bb7 12.Qc1 Re8 13.Bh6 Bh8 14.Qf4 e5 15.Qh4 Nh5
16.Bg5 f6 17.Bh6 Ng7 18.e4 Ne6 19.Rad1 c5 20.Nd5 Nc6 21.Be3 Bc8 22.Ne1 Ned4
23.f4 exf4 24.gxf4 Ra7 25.Nf3 f5 26.Qxd8 Rxd8 27.e5 Nxf3+ 28.Bxf3 dxe5 29.Bxc5 Rad7
30.fxe5 Bxe5 31.Rde1 Bd4+ 32.Bxd4  1-0

[Event "8th South Wales Int"]
[Site "Penarth WLS"]
[Date "2011.07.12"]
[Round "7.17"]
[White "Taylor,RG"]
[Black "Freeland,Alex"]
[Result "1/2-1/2"]
[WhiteElo "1978"]
[BlackElo "1748"]

1.Nf3 Nf6 2.c4 g6 3.d4 Bg7 4.g3 O-O 5.Bg2 d6 6.O-O Nbd7 7.Nc3 e5 8.d5 a6
9.e4 Rb8 10.h3 Re8 11.Be3 Nf8 12.Nd2 Nh5 13.b4 h6 14.c5 Nh7 15.Nc4 Ng5 16.h4 Nh3+
17.Kh2 N3f4 18.cxd6 Nxg2 19.Kxg2 b5 20.Na5 Qd7 21.Rh1 cxd6 22.Rc1 f5 23.exf5 Qxf5
24.Qf3 Nf6 25.Qxf5 gxf5 26.Ba7 Ra8 27.Bb6 Bd7 28.Bc7 Bf8 29.Rhd1 Rec8 30.Bb6 Be7
31.f3 Ne8 32.Kf2 Bd8 33.Bxd8 Rxd8 34.Nc6 Bxc6 35.dxc6  1/2-1/2

[Event "3rd International Open"]
[Site "Rethymno GRE"]
[Date "2011.07.12"]
[Round "3"]
[White "Rychagov,A"]
[Black "Georgakopoulos,N"]
[Result "1-0"]
[WhiteElo "2560"]
[BlackElo "2283"]

1.d4 Nf6 2.c4 g6 3.Nf3 Bg7 4.g3 O-O 5.Bg2 d6 6.O-O Nbd7 7.Qc2 c6 8.Nc3 Re8
9.h3 e5 10.e4 exd4 11.Nxd4 a5 12.Bf4 Ne5 13.b3 Nfd7 14.Rad1 Qc7 15.Be3 Nc5
16.Rfe1 Ned7 17.f4 Ne6 18.Qd2 Ndc5 19.Nde2 Bf8 20.g4 f6 21.Ng3 Ng7 22.Qf2 Nd7
23.h4 Be7 24.h5 Nf8 25.f5 Rd8 26.Bb6 Qb8 27.e5 gxf5 28.gxf5 h6 29.exf6 Bxf6
30.Nce4 Bh4 31.Bxd8 Bxd8 32.f6 Nge6 33.Nxd6 Bd7 34.f7+ Kh8 35.Rxe6  1-0

[Event "Lev Polugaevsky Mem"]
[Site "Samara RUS"]
[Date "2011.07.12"]
[Round "8"]
[White "Iskusnyh,S"]
[Black "Polivanov,A"]
[Result "1/2-1/2"]
[WhiteElo "2455"]
[BlackElo "2435"]

1.Nf3 Nf6 2.c4 d6 3.d4 g6 4.g3 Bg7 5.Bg2 O-O 6.O-O Nbd7 7.Nc3 e5 8.e4 exd4
9.Nxd4 Re8 10.h3 a6 11.Be3 Rb8 12.a4 Ne5 13.b3 Bd7 14.Ra2 Qc8 15.Kh2 c5 16.Nde2 b5
17.axb5 axb5 18.Nxb5 Bxb5 19.cxb5 Rxb5 20.Qxd6 Rd8 21.Qa6 Rxb3 22.Bg5 Qb8
23.f4 Rb6 24.Qxb6 Neg4+ 25.hxg4 Qxb6 26.Bxf6 Qxf6 27.e5 Qe6 28.Nc3 Qb3 29.Rc1 g5
30.Rac2 gxf4 31.gxf4 Qe6 32.Bf3 Rd3 33.Kg2 Qb3 34.Be4 Rd4 35.Rb1 Qe6 36.Bf5 Qc6+
37.Kg3 Rb4 38.Rd1 Rd4 39.Rb1 Rb4 40.Rd1 Rd4 41.Rb1  1/2-1/2

[Event "Open ch-SVK A"]
[Site "Banska Stiavnica SVK"]
[Date "2011.07.13"]
[Round "5"]
[White "Gonda,L"]
[Black "Mazur,Ste"]
[Result "1-0"]
[WhiteElo "2512"]
[BlackElo "2386"]

1.d4 Nf6 2.c4 g6 3.Nf3 Bg7 4.g3 O-O 5.Bg2 d6 6.Nc3 a6 7.O-O Nc6 8.Bf4 Bd7
9.Rc1 Nh5 10.Be3 Rb8 11.b3 Nf6 12.d5 Na5 13.c5 b5 14.c6 Bc8 15.Ba7 Ra8 16.Bd4 e5
17.Nxe5 dxe5 18.Bc5 Re8 19.Bb4 Nxc6 20.dxc6 Be6 21.Qxd8 Rexd8 22.Be7 Re8
23.Bxf6 Bxf6 24.Nd5 Bxd5 25.Bxd5 e4 26.f3 Bd4+ 27.Kh1 e3 28.Rfd1 Bb6 29.Be4 Rad8
30.Rd7 Kf8 31.Rcd1 Rxd7 32.cxd7 Rd8 33.Bc6 Bc5 34.Rd5 Bd6 35.a4 bxa4 36.bxa4 Rb8
37.Ra5 Ke7 38.Rxa6 h5 39.f4 h4 40.Kg2 f5 41.Ra5 Ke6 42.Rb5 Rd8 43.a5 Be7
44.a6  1-0

[Event "111th ch-SUI"]
[Site "Leukerbad SUI"]
[Date "2011.07.13"]
[Round "7"]
[White "Nueesch,G"]
[Black "Cherniaev,A1"]
[Result "1-0"]
[WhiteElo "2366"]
[BlackElo "2440"]

1.d4 Nf6 2.c4 d6 3.Nf3 g6 4.g3 Bg7 5.Bg2 O-O 6.Nc3 c6 7.O-O Bf5 8.Re1 Ne4
9.Nh4 Nxc3 10.bxc3 Be6 11.Rb1 Qc7 12.Qb3 b5 13.d5 cxd5 14.cxd5 Bd7 15.Bg5 h6
16.Be3 Na6 17.Bd4 Rfc8 18.e4 Nc5 19.Qa3 Na4 20.Rbc1 a5 21.Nf3 Bxd4 22.cxd4 Qb6
23.e5 Be8 24.Qe3 Kg7 25.h4 Rxc1 26.Rxc1 b4 27.Nh2 dxe5 28.d6 Ra7 29.Ng4 Nc3
30.Qxh6+ Kg8 31.dxe5 Qd4 32.Bf3 f5 33.dxe7 Rxe7 34.Nf6+ Kf7 35.Rxc3 Qxe5
36.Bd5+ Re6 37.Bxe6+  1-0

[Event "Oberwart Open"]
[Site "Oberwart AUT"]
[Date "2011.07.13"]
[Round "5"]
[White "Kovacs,Ga2"]
[Black "Karner,C"]
[Result "1-0"]
[WhiteElo "2496"]
[BlackElo "2372"]

1.d4 Nf6 2.c4 g6 3.Nf3 Bg7 4.g3 O-O 5.Bg2 d6 6.O-O Nbd7 7.Nc3 e5 8.h3 Re8
9.e4 exd4 10.Nxd4 Nc5 11.Re1 h6 12.Bf4 Nfd7 13.Be3 Ne5 14.Qe2 Bd7 15.Rad1 Qc8
16.Kh2 a6 17.f4 Nc6 18.Qd2 h5 19.b3 Ne6 20.Nde2 Nf8 21.Nd5 Be6 22.Nec3 Nh7
23.Bf2 Rb8 24.Qc2 b5 25.c5 a5 26.cxd6 cxd6 27.Qd3 Nb4 28.Qd2 Nf6 29.Rc1 Qd8
30.Nxb4 axb4 31.Ne2 h4 32.Qxb4 Nh5 33.Qd2 hxg3+ 34.Nxg3 Qh4 35.Nxh5 Qxh5
36.Rc6 b4 37.Bd4 Bh6 38.Qf2 Red8 39.Bf6 Rbc8 40.Rec1 Re8 41.Rxc8 Bxc8 42.Rc4 d5
43.exd5 Qf5 44.Qh4 Bb7 45.Be5 Bg7 46.Bxg7 Kxg7 47.Qf2 Ba6 48.Qd4+ Kh7 49.Rc6 Re2
50.Rf6  1-0